000 00709nmc a2200265 a 4500
003 AR-BaBNM
005 20251128203050.0
008 011101s1981 ||||||||||||||000 | spa||
040 _cAR-BaBNM
100 1 _aGarcía Hoz, Víctor
245 1 0 _aEl proyecto educativo
250 _a2ª ed. corr.
260 _aBuenos Aires
_bDocencia
_c1981
300 0 _a77 p.
490 0 _aInteracción educativa
_vv. 3
650 4 _aCALIDAD DE LA EDUCACION
650 4 _aREFORMA DE LA EDUCACION
650 4 _aSISTEMAS ESCOLARES
650 4 _aACTIVIDADES DE APRENDIZAJE
650 4 _aDERECHO A LA EDUCACION
650 4 _aAMBIENTE EDUCACIONAL
650 4 _aPOLITICA EDUCATIVA
942 _cBK
998 _cCarmen
999 _c1729
_d1729